Normal view
MARC view
- DE-MECH-36 DECLASS
Entry Topical Term
001 - CONTROL NUMBER
- control field: 70724
003 - CONTROL NUMBER IDENTIFIER
- control field: NUST
005 - DATE AND TIME OF LATEST TRANSACTION
- control field: 20210628204540.0
008 - FIXED-LENGTH DATA ELEMENTS
- fixed length control field: 210628|| aca||aabn | a|a d
040 ## - CATALOGING SOURCE
- Original cataloging agency: NUST
- Transcribing agency: NUST
150 ## - HEADING--TOPICAL TERM
- Topical term or geographic name entry element: DE-MECH-36 DECLASS
670 ## - SOURCE DATA FOUND
- Source citation: Work cat.: (NUST): ASC SHEHRYAR AMIN NC DANISH MINHAS NC ISHFAQ AHMAD LABEJA 70723, PR-SOF-1701-DESIGN AND DEVELOPMENT OF AUTOMATIC EMERGENCY BRAKE SYSTEM IN VEHICLE, 2018
